| 000 | 01088nam a22003497i 4500 | ||
|---|---|---|---|
| 650 | 7 |
_9120099 _aMercedes otomobiller _xTarih _2etuturkob |
|
| 650 | 0 |
_9120100 _aMercedes automobiles _xHistory |
|
| 650 | 0 |
_9120094 _aMercedes automobiles |
|
| 650 | 7 |
_9120095 _aMercedes otomobiller _2etuturkob |
|
| 999 |
_c200429713 _d47637 |
||
| 001 | 200429713 | ||
| 003 | TR-AnTOB | ||
| 005 | 20190408215543.0 | ||
| 007 | ta | ||
| 008 | 180524s2017 tu ao g 000 0 tur d | ||
| 020 | _a97860555847227 | ||
| 040 |
_aTR-AnTOB _beng _erda _cTR-AnTOB _dTR-AnTOB |
||
| 041 | 0 | _atur | |
| 050 | 0 | 0 |
_aTL215.M4 _bA48 2017 |
| 090 |
_aTL215.M4 _bA48 2017 |
||
| 100 | 1 |
_aAltun, Mehmet _eauthor _963733 |
|
| 245 | 1 | 0 |
_aBenzersiz 50 sene / _cMehmet Altun. |
| 246 | 3 | 4 | _aBenzersiz elli sene. |
| 250 |
_aBirinci Basım _bTemmuz 2017 |
||
| 264 | 1 |
_aİstanbul : _bMercedes Benz, _c2017. |
|
| 300 |
_a215 pages : _billustrations ; _c30 cm. |
||
| 336 |
_atext _2rdacontent |
||
| 337 |
_2rdamedia _aunmedieated |
||
| 338 |
_avolume _0rdacarrier |
||
| 610 | 2 | 0 |
_aMercedes-Benz Türk A.Ş. _9120130 |
| 942 |
_2lcc _cBK |
||